000 00276nam a22001337a 4500
008 170713b xxu||||| |||| 00| 0 eng d
020 _a9780534164942
041 _aeng
080 _a17
100 _a24
101 _aFIL
245 _aETHICS
_cPETERFREUND
942 _2udc
_cBK
999 _c20647
_d20647